LEADER 01089nam2-2200349---450 001 990002868700203316 005 20220516103930.0 010 $a0-87661-521-3 035 $a000286870 035 $aUSA01000286870 035 $a(ALEPH)000286870USA01 035 $a000286870 100 $a20070214d1986----km-y0itay50------ba 101 0 $aeng 102 $aUS 105 $aa|||z|||001yy 200 1 $a21/1986: Excavations at Pylos in Elis$fJohn E. Coleman$gwith a contribution by Katherine Abramovitz 210 $aPrinceton$cThe American School of classical studies at Athens$d1986 215 $aXVI, 176 p., [63] p. di tav.$cill.$d28 cm 300 $aSupplemento n. 21 di Hesperia 461 1$1001000099925$12001$aHesperia. Supplements 606 0 $aScavi archeologici$yPilo 676 $a938.8 700 1$aCOLEMAN,$bJohn E.$066276 702 1$aABRAMOVITZ,$bKatherine 801 0$aIT$bsalbc$gISBD 912 $a990002868700203316 951 $aXI.3.B. 372$b195034 L.M.$cXI.3.$d00121175 959 $aBK 969 $aUMA 996 $a21$92838046 997 $aUNISA LEADER 01026nam a2200277 i 4500 001 991001175949707536 005 20020507112252.0 008 970308s1967 ||| ||| | eng 035 $ab10184247-39ule_inst 035 $aLE00643388$9ExL 040 $aDip.to Fisica$bita 084 $a53(082.2) 084 $a53.3.2/53.3.4 084 $a539.72 111 2 $aSummer Institute on particle physics$0463464 245 10$aProceedings of SINBI :$b[Copenaghen, 19 June-11 August 1967] /$cSummer Institute of the Niels Bohr Institute 260 $aCopenaghen :$b[s.n.],$c1967 300 $a1 v. (paginaz. seriale) :$bill. ;$c23 cm. 650 4$aParticles (Nuclear physics)$xCongresses 710 2 $aSINBI 907 $a.b10184247$b21-09-06$c27-06-02 912 $a991001175949707536 945 $aLE006 53.3(042+082.2) SIN$g1$i2006000047791$lle006$o-$pE0.00$q-$rl$s- $t0$u0$v0$w0$x0$y.i10226205$z27-06-02 996 $aProceedings of SINBI$9190544 997 $aUNISALENTO 998 $ale006$b01-01-97$cm$da $e-$feng$gxx $h0$i1